| 000 | 00515nam a2200133Ia 4500 | ||
|---|---|---|---|
| 008 | 200911s9999 xx 000 0 und d | ||
| 020 | _a978-971-98-0930-2 | ||
| 100 | _aTolentino, Rolando B. | ||
| 245 |
_cRolando B. Tolentino, Gary C. Devilles, Raegan Maiquez _aArt sensing: _bsensing the arts in the everyday/ |
||
| 260 |
_aQuezon City: _bC and E Publishing, Inc. _c2018 |
||
| 300 |
_axxii, 313 pages _c22 cm. |
||
| 650 | _aArt -- study and teaching -- Philippines | ||
| 650 | _aArt appreciation -- study and teaching | ||
| 999 |
_c364187 _d364187 |
||